[Event "CFriend SL-2005-0-00037 email"]
[Site "Chessfriend.com"]
[Date "2005.10.13"]
[Round "1"]
[White "Marez, Thomas"]
[Black "Wojohn, Tripp"]
[Result "0-1"]
[WhiteElo "800"]
[BlackElo "800"]
[PlyCount "22"]
[EventDate "2005.??.??"]
[EventType "tourn (corr)"]
[EventRounds "12"]
[SourceTitle "Corr 2024"]
[Source "ChessBase"]
[SourceDate "2023.10.19"]
[SourceVersion "1"]
[SourceVersionDate "2023.10.19"]
[SourceQuality "1"]

1. e4 d5 2. exd5 c6 3. dxc6 e5 4. cxb7 Bxb7 5. Nf3 Nd7 6. Bb5 Qc7 7. d4 exd4 8. Qxd4 Ngf6 9. 0-0 Bc5 10. Qe5+ Kd8 11. Qf5 Qd6 0-1